Les 50 Meilleurs Talents de Ligue 1 sur FC 25 (Fifa 25) - Statistiques

Statistiques générales
  • Ce quiz a été pris 77 fois
  • Le résultat moyen est 24 sur 50
Statistiques - réponses
Poste Equipe Potentiel Réponse % Correct
Gardien PSG 91 Gianluigi Donnarumma
97%
Gardien LOSC 86 Lucas Chevalier
91%
AD / MOC PSG 86 Ousmane Dembele
91%
AG / AD PSG 87 Bradley Barcola
90%
MC / MDC PSG 89 Vitinha
89%
MC / MDC PSG 88 Joao Neves
87%
DG PSG 87 Nuno Mendes
87%
DD PSG 86 Achraf Hakimi
86%
DC PSG 87 Marquinhos
86%
MC / MDC PSG 90 Warren Zaire-Emery
83%
AG / MC PSG 86 Desire Doue
80%
BU PSG 84 Gonçalo Ramos
74%
Gardien Toulouse FC 88 Guillaume Restes
71%
DC PSG 84 Willian Pacho
70%
MD / BU / MG OM 85 Mason Greenwood
63%
MOC / AG / AD OL 84 Rayan Cherki
60%
BU LOSC 84 Jonathan David
57%
DC / DG PSG 83 Lucas Hernandez
57%
AG / MG OL 85 Malick Fofana
56%
Gardien RC Lens 83 Brice Samba
54%
DC / DG PSG 86 Lucas Beraldo
54%
MG / MOC / BU AS Monaco 85 Eliesse Ben Seghir
53%
Gardien OGC Nice 85 Marcin Bulka
51%
MOC / MC / AD PSG 86 Lee Kang In
47%
BU OL 85 George Mikautadze
44%
MC / MDC RC Strasbourg 84 Andrey Santos
43%
DC OM 83 Leo Balerdi
43%
BU PSG 85 Randal Kolo Muani
41%
DD LOSC 84 Tiago Santos
41%
DC / DD AS Monaco 85 Wilfried Singo
40%
DC RC Lens 84 Facundo Medina
39%
DC RC Lens 83 Kevin Danso
37%
Gardien RC Strasbourg 83 Dorde Petrovic
36%
AD / MD / BU OL 84 Ernest Nuamah
34%
BU AS Monaco 83 Folarin Balogun
31%
DD / MD AS Monaco 84 Vanderson
30%
BU OM 84 Elie Wahi
27%
DG Stade Brestois 83 Bradley Locko
26%
Gardien AS Monaco 84 Radoslow Majecki
24%
MC / MOC AS Monaco 84 Lamine Camara
21%
DD / DC AS Monaco 83 Jordan Teze
20%
BU OGC Nice 85 Youssoufa Moukoko
20%
DC AS Monaco 84 Christian Mawissa
17%
MOC / MC / MDC LOSC 83 Angel Gomes
16%
BU AS Monaco 86 George Ilenikhena
14%
MDC / MC Stade de Reims 84 Gabriel Moscardo
11%
DC OM 83 Lilian Brassier
9%
MOC / BU / MD OM 85 Valentin Carboni
4%
MD / MOC AS Monaco 84 Maghnes Akilouche
1%
DC / DD LOSC 83 Bafode Diakhite
0%
Aucun quiz correspondant
Distribution des résultats
% des personnes avec chaque résultat
Percentile par nombre de réponses
Votre historique - résultats
Vous n’avez pas pris ce quiz